000 00238nam a2200109Ia 4500
008 190912s9999||||xx |||||||||||||| ||und||
100 _aNasreen M. Ahsan
245 0 _aVistas
260 _aUSA
_bAddision
_c2001
300 _a138
942 _cBK
999 _c7480
_d7480